000 00660nam a2200241Ia 4500
003 OSt
005 20220928104452.0
006 a|||||r|||| 00| 0
007 ta
008 220927b |||||||| |||| 00| 0 eng d
024 _a32996
037 _cTextual
040 _aSDCL
_cSDCL
_beng
041 _2eng
_aeng
082 _aO15,3D60,1:g, P7
100 _aBanabhat
_9410529
245 0 _aKadambari-kathamukham.
260 _aJaipur
_bHansa Prakashan
_c2007
300 _a284p.
_ccm.
700 _a Dwivedi Shivbalak Ed.
_9410530
942 _hO15,3D60,1:g, P7
_cTEXL
_2CC
999 _c726179
_d726179